| 000 | 02696 a2200313 4500 | ||
|---|---|---|---|
| 001 | 2162214035926770 | ||
| 003 | UA-OsUOA | ||
| 005 | 20260504151430.0 | ||
| 008 | 260504b un ||||| |||| 00| 0 ukr d | ||
| 020 | _a9665811479 | ||
| 040 |
_aUA-OsUOA _bukr _cUA-OsUOA _dUA-OsUOA |
||
| 041 | _aukr | ||
| 080 | _a82.09 | ||
| 090 |
_a82.09 _bМ74 |
||
| 110 |
_aКиївський університет імені Тараса Шевченка _925167 |
||
| 245 |
_aМова і література: кроки до національної ідентичності _cРед. колегія: М. К. Наєнко, А. О. Ткаченко, Н. М. Гаєвська та ін. |
||
| 250 | _aВипуск 2 | ||
| 260 |
_aКиїв _bВидавничий центр "Київський університет" _c1999 |
||
| 300 | _a75 с. | ||
| 490 |
_aФілологічні семінари _vВипуск 2 |
||
| 520 | _aУ збірнику вміщено наукові студії учасників філологічного семінару "Теоретичні й методологічні проблеми літературознавство". Діяльність цього семінару (див. вип. 1) відновлено в Київському університеті за участю Українського наукового інституту Гарвардського університету, Варшавського університету, Тбіліського університету та Інституту літератури імені Тараса Шевченка НАН України. 24 грудня 1998 року відбулося четверте засідання семінару. Обговорено тему: "мова і література: кроки до національної ідентичності". У контексті заявленної теми йшлося про широке коло філологічних проблем, тією чи іншою мірою дотичних до заявленої. Висловленні думки однаково зацікавлять і науковців академічного "профілю", і викладачів вищої школи, і аспірантів та студентів філологів. | ||
| 650 |
_a82 Література. Літературознавство _915 |
||
| 700 | 1 |
_aНаєнко М. К. _925165 |
|
| 700 | 1 |
_aТкаченко А. О. _925166 |
|
| 700 | 1 |
_aГаєвська Н. М. _920878 |
|
| 942 |
_cBK _2udc |
||
| 955 | _a1 | ||
| 999 |
_c580639 _d580639 |
||